Geometric programming : (Record no. 6087)
[ view plain ]
| 000 -LEADER | |
|---|---|
| fixed length control field | 00890cam a2200301 a 4500 |
| 001 - CONTROL NUMBER | |
| JCCL Control Number | 6087 |
| 003 - CONTROL NUMBER IDENTIFIER | |
| JCCL marc code | BD-JhCC |
| 005 - DATE AND TIME OF LATEST TRANSACTION | |
| control field | 20180102102825.0 |
| 008 - FIXED-LENGTH DATA ELEMENTS--GENERAL INFORMATION | |
| fixed length control field | 731212s1967 nyua b 001 0 eng |
| 035 ## - SYSTEM CONTROL NUMBER | |
| system control number | CONN82167 |
| 035 ## - SYSTEM CONTROL NUMBER | |
| system control number | (BD-JhCC)6087 |
| 035 ## - SYSTEM CONTROL NUMBER | |
| system control number | 35033 |
| 040 ## - CATALOGING SOURCE | |
| Original cataloging agency | DLC |
| Transcribing agency | DLC |
| Modifying agency | UkCU |
| 041 ## - LANGUAGE CODE | |
| Language code of Book | eng |
| 050 00 - LIBRARY OF CONGRESS CALL NUMBER | |
| Classification number | QA264 |
| Item number | .D8 |
| 082 ## - DEWEY DECIMAL CLASSIFICATION NUMBER | |
| Classification number | 519/.92 |
| Author mark and Year | DFF 1967 |
| 100 1# - MAIN ENTRY--PERSONAL NAME | |
| Personal name | Duffin, Richard James, |
| Dates associated with a name | 1909- |
| 245 10 - TITLE STATEMENT | |
| Title | Geometric programming : |
| Remainder of title | theory and application / |
| Statement of responsibility, etc | Richard J. Duffin; Elmor L. Peterson and Clarence Zener. |
| 260 ## - PUBLICATION, DISTRIBUTION, ETC. (IMPRINT) | |
| Place of publication, distribution, etc | New York ; |
| -- | London : |
| Name of publisher, distributor, etc | Wiley, |
| Date of publication, distribution, etc | c1967. |
| 300 ## - PHYSICAL DESCRIPTION | |
| Pagination | xi, 278 p. : |
| Other physical details | ill. ; |
| Dimensions | 24 cm. |
| 504 ## - BIBLIOGRAPHY, ETC. NOTE | |
| Bibliography, etc | Includes bibliographical references and index. |
| 650 #0 - SUBJECT ADDED ENTRY--TOPICAL TERM | |
| Topical term or geographic name as entry element | Geometric programming. |
| 650 #0 - SUBJECT ADDED ENTRY--TOPICAL TERM | |
| Topical term or geographic name as entry element | Engineering design. |
| 700 1# - ADDED ENTRY--PERSONAL NAME | |
| Personal name | Peterson, Elmor L. |
| 700 1# - ADDED ENTRY--PERSONAL NAME | |
| Personal name | Zener, Clarence, |
| Dates associated with a name | 1905- |
| 942 ## - ADDED ENTRY ELEMENTS (KOHA) | |
| Source of classification or shelving scheme | Dewey Decimal Classification |
| Koha item type | Books |
| Source of classification or shelving scheme | Damaged status | Not for loan | Home library | Current library | Shelving location | Date of accession | Total Checkouts | Full call number | Barcode | Date last seen | Copy number | Koha item type |
|---|---|---|---|---|---|---|---|---|---|---|---|---|
| Dewey Decimal Classification | JCC Rouf Library | JCC Rouf Library | General Stacks | 01/01/2018 | 519/.92 DFF 1967 | 8518 | 01/01/2018 | C - 1 | Books |